000 00728nam a2200205Ia 4500
003 GCL
008 140319s9999 xx 000 0 ara d
040 _aGCL /
_cGCL
082 0 4 _a301
_bا م
100 1 _aاحمد شكر الطبيحى
245 1 0 _aمستقبل المجتمع المدنى فى الوطن العربى /
_cاحمد شكر الطبيحى
250 _aالاولى
260 _aبيروت :
_bمركز دراسات الوحدة العربية ،
_c2000
300 _a264 ص ؛
_c24 سم
490 _aسلسلة اطروحات الدكتوراة
_v37
650 0 4 _aالمجتمع العربى
650 0 4 _aالمجتمع المدنى
650 0 4 _aالمجتمعات الحضرية
942 _2ddc
_cBK
999 _c6849
_d6849